Patagónicos : narradores del país austral /
Guardado en:
| Autor Principal: | |
|---|---|
| Otros Autores: | |
| Formato: | Libro |
| Publicado: |
Buenos Aires :
Instituto Movilizador de Fondos Cooperativos,
1997
|
| Series: | Desde la gente
|
| Materias: | |
| Etiquetas: |
Agregar Etiqueta
Sin Etiquetas, Sea el primero en etiquetar este registro!
|
| LEADER | 01296nam a22002655a 4500 | ||
|---|---|---|---|
| 001 | CEM.cems010650 | ||
| 005 | 20080506101706.0 | ||
| 008 | 130507s1997##################000#0#####d | ||
| 003 | CEMS | ||
| 020 | |a 9508600594 | ||
| 082 | 0 | 4 | |a A863.4 |
| 100 | 1 | |a Aliaga, Cristian | |
| 245 | 1 | 0 | |a Patagónicos : |b narradores del país austral / |c Selección y Prólogo de Cristian Aliaga y María Eugenia Correas |
| 260 | |a Buenos Aires : |b Instituto Movilizador de Fondos Cooperativos, |c 1997 | ||
| 300 | |a 128 p. | ||
| 490 | 0 | |a Desde la gente | |
| 505 | 0 | |a El tumbiador / Asencio Abeijon -- Bajo la luna, sobre la tierra, bajo la noche / Diego Angelino -- Dios no esta lejos / David Aracena -- Esquilador / Donald Borsella -- Cuento con Rodríguez / Aquilino Isla -- Hume en primavera / Héctor Mendes -- El cochero hoy / Lily Patterson -- Todo eso oyes / Luisa Peluffo -- Mi primer día de clase / Julian Ripa | |
| 653 | |a Literatura | ||
| 653 | |a Literatura argentina-siglo 20 | ||
| 653 | |a Patagonia argentina-literatura | ||
| 653 | |a Antología | ||
| 700 | 1 | |a Correas, María Eugenia, pról. | |
| 859 | |a CEMS |b BIB. CEMS - 11 de abril |h A863.4 |i Al55 |p 19985.98 |t Ej.1 | ||
| 859 | |a CEMS |b BIB. CEMS - 11 de abril |h A863.4 |i Al55 |p 19986.98 |t Ej.3 | ||
| 859 | |a CEMS |b BIB. CEMS - 11 de abril |h A863.4 |i Al55 |p 21468.01 |t Ej.2 | ||
